Alarm für Cobra 11 - Semir Gerkhans Partner - Statistiken

Allgemein
  • Dieses Quiz wurde 39 mal gespielt
  • Das Durchschnittsergebnis liegt bei 6 aus 10
Antwortstatistiken
Jahre Rollenname % Korrekt
2008-2013 Ben Jäger
86%
1999-2003 Tom Kranich
75%
2005-2007 Tom Kranich
75%
2016-2019 Paul Renner
69%
2014-2015 Alex Brandt
58%
2007-2008 Chris Ritter
56%
seit 2020 Vicky Reisinger
50%
1997-1999 André Fux
47%
2003-2004 Jan Richter
47%
1996 Frank Stolte
39%
Keine übereinstimmenden Quizze gefunden
Verteilung der Resultate
Anzahl Personen mit jedem Resultat
Perzentil nach korrekt beantworteten Fragen
Ihre Resultats-Entwicklung
Sie haben dieses Quiz noch nicht gespielt